[Event "Tradewise Gibraltar AmatWk2"]
[Site "Gibraltar"]
[Date "2018.01.31"]
[Round "5.8"]
[White "Dennis, Nigel W"]
[Black "Flynn, David"]
[Result "1/2-1/2"]
[WhiteElo "1804"]
[BlackElo "1876"]
[PlyCount "57"]
[EventDate "2018.01.27"]
[EventType "swiss"]
[EventRounds "5"]
[EventCountry "GGB"]

1. e4 e6 2. d4 d5 3. Nc3 Bb4 4. e5 Ne7 5. a3 Bxc3+ 6. bxc3 c5 7. Qg4 Qc7 8.
Qxg7 Rg8 9. Qxh7 cxd4 10. Ne2 dxc3 11. f4 Nbc6 12. Qd3 d4 13. Nxd4 Nxd4 14.
Qxd4 Bd7 15. Qf2 Nf5 16. Rg1 Qc6 17. Bd3 Qd5 18. Bxf5 exf5 19. Be3 b6 20. Rd1
Qa5 21. Qf3 Rc8 22. Bc1 Qa4 23. Qd3 Rc4 24. Kf2 Kf8 25. g3 Be6 26. Qd8+ Kg7 27.
Qg5+ Kh7 28. Qh4+ Kg7 29. Qg5+ 1/2-1/2

[Event "Tradewise Gibraltar AmatWk2"]
[Site "Gibraltar"]
[Date "2018.01.31"]
[Round "5.9"]
[White "Marcos Herrero, Francisco"]
[Black "Anjali, R. Sagar"]
[Result "0-1"]
[WhiteElo "1876"]
[BlackElo "1792"]
[PlyCount "62"]
[EventDate "2018.01.27"]
[EventType "swiss"]
[EventRounds "5"]
[EventCountry "GGB"]

1. Nf3 Nf6 2. c4 g6 3. b4 Bg7 4. Bb2 O-O 5. g3 a5 6. b5 c6 7. Bg2 Qb6 8. Na3
Ne4 9. d4 d5 10. cxd5 cxd5 11. O-O Bf5 12. Nh4 Bd7 13. Qd3 e6 14. f3 Nd6 15. f4
Nxb5 16. Nc2 Nc6 17. Nf3 Rfc8 18. e3 Nd6 19. Ne5 Nxe5 20. fxe5 Qxb2 21. Rab1
Qxc2 22. Qa3 Nc4 23. Qe7 Nxe3 24. Bh3 Nxf1 25. Rxf1 Rf8 26. Qxd7 Qc6 27. Qe7
Rae8 28. Qg5 Qc4 29. Qd2 Rc8 30. g4 Qc3 31. Qf2 Qxh3 0-1

[Event "Tradewise Gibraltar AmatWk2"]
[Site "Gibraltar"]
[Date "2018.01.31"]
[Round "5.10"]
[White "Webel, Peter"]
[Black "Kuenitz, Klaus"]
[Result "1/2-1/2"]
[WhiteElo "1853"]
[BlackElo "1767"]
[PlyCount "115"]
[EventDate "2018.01.27"]
[EventType "swiss"]
[EventRounds "5"]
[EventCountry "GGB"]

1. d4 f5 2. e4 fxe4 3. Nc3 Nf6 4. Bg5 g6 5. h4 h6 6. Bxf6 exf6 7. Qg4 Rg8 8.
Qxe4+ Qe7 9. Bc4 Rg7 10. O-O-O Qxe4 11. Nxe4 Be7 12. g4 d5 13. Bxd5 c6 14. Bc4
Bxg4 15. Re1 Kd8 16. d5 cxd5 17. Bxd5 Kc7 18. Ne2 Nc6 19. N4c3 Rd8 20. Nf4 Ne5
21. f3 Bc8 22. Be6 Kb8 23. Bxc8 Rxc8 24. Nfd5 Nc6 25. Re6 f5 26. Rhe1 Bxh4 27.
Rh1 Nd4 28. Rd6 Bg3 29. f4 h5 30. Rd1 Nc6 31. Rd3 h4 32. Ne2 Bf2 33. b4 Rh8 34.
Rh3 a6 35. a4 Nxb4 36. Nxb4 Bc5 37. Nxa6+ bxa6 38. Rxa6 Kb7 39. Ra5 Kc6 40. Rc3
h3 41. Raxc5+ Kd6 42. Rc6+ Kd5 43. R6c5+ Kd6 44. Ng3 h2 45. Nh1 Rh4 46. R5c4
Rg4 47. Rc6+ Kd5 48. R6c5+ Ke6 49. Rc6+ Kf7 50. Rc7+ Kg8 51. Rc8+ Kf7 52. R8c7+
Kf8 53. Rc8+ Ke7 54. R8c7+ Kf8 55. Rc8+ Kf7 56. R8c7+ Kf8 57. Rc8+ Kf7 58.
R8c7+ 1/2-1/2

[Event "Tradewise Gibraltar AmatWk2"]
[Site "Gibraltar"]
[Date "2018.01.31"]
[Round "5.11"]
[White "Prata, Jose"]
[Black "Galvan Cipriani, Viviana"]
[Result "0-1"]
[WhiteElo "1895"]
[BlackElo "1826"]
[PlyCount "108"]
[EventDate "2018.01.27"]
[EventType "swiss"]
[EventRounds "5"]
[EventCountry "GGB"]

1. e4 c5 2. Nf3 Nc6 3. d3 g6 4. Nbd2 Bg7 5. g3 e5 6. Bg2 Nge7 7. O-O O-O 8. a4
d5 9. Re1 f6 10. c3 Be6 11. Qe2 Bf7 12. h4 Qd7 13. Kh2 h6 14. Bh3 Be6 15. Bxe6+
Qxe6 16. Nf1 f5 17. exd5 Nxd5 18. c4 Nf6 19. Bf4 Rfe8 20. Kg2 e4 21. dxe4 fxe4
22. N3d2 Nd4 23. Qd1 Rad8 24. Qb1 Qc6 25. Be3 Nf3 26. Rd1 Ne5 27. b4 Nd3 28.
bxc5 Nd7 29. Ra2 N7xc5 30. Qb5 Qc7 31. Nh2 a6 32. Qb1 Qc6 33. a5 Na4 34. Rxa4
Qxa4 35. h5 g5 36. Ng4 Ne5 37. Nxe5 Rxe5 38. Re1 Qxa5 39. Nf1 b5 40. cxb5 axb5
41. Qb3+ Kh8 42. Rc1 Red5 43. g4 Qa4 44. Qb1 Rd1 45. Ng3 Rxc1 46. Qxc1 Qd1 47.
Qc6 Qf3+ 48. Kh2 b4 49. Nf5 Be5+ 50. Ng3 Qf8 51. Qxe4 Qd6 52. Qc4 Rf8 53. Kh3
Rf3 54. Qc5 Qxc5 0-1

[Event "Tradewise Gibraltar AmatWk2"]
[Site "Gibraltar"]
[Date "2018.01.31"]
[Round "5.12"]
[White "Luostarinen, Asmo"]
[Black "Pena, Helio Adelino Silva"]
[Result "0-1"]
[WhiteElo "1580"]
[BlackElo "1894"]
[PlyCount "94"]
[EventDate "2018.01.27"]
[EventType "swiss"]
[EventRounds "5"]
[EventCountry "GGB"]

1. d4 Nf6 2. Bf4 d6 3. e3 g6 4. Nd2 Bg7 5. Bd3 O-O 6. h3 Re8 7. Ngf3 Nbd7 8.
O-O c5 9. Bb5 a6 10. Bxd7 Bxd7 11. dxc5 dxc5 12. c4 Qc8 13. Qc2 Nh5 14. Bh2 b5
15. cxb5 axb5 16. Nb3 Ra6 17. Ne5 Bxe5 18. Bxe5 f6 19. Bh2 Ng7 20. Nxc5 Rc6 21.
Qb3+ Ne6 22. Nxd7 Qxd7 23. Qxb5 Rec8 24. Rfd1 Qa7 25. Qd5 Kf7 26. Bg3 Rc5 27.
Qd7 Qb6 28. Bd6 R5c7 29. Bxc7 Rxc7 30. Qd2 Kg7 31. a4 Ng5 32. a5 Qe6 33. a6
Nxh3+ 34. gxh3 Qxh3 35. a7 Rc5 36. Ra5 Qg4+ 37. Kf1 Rxa5 38. Qxa5 Qxd1+ 39. Qe1
Qa4 40. Qc3 Qxa7 41. b4 Qa8 42. Ke1 h5 43. Qc5 Qb7 44. b5 Kf8 45. Kd2 h4 46. b6
Ke8 47. Kc1 g5 0-1

[Event "Tradewise Gibraltar AmatWk2"]
[Site "Gibraltar"]
[Date "2018.01.31"]
[Round "5.13"]
[White "Spanton, Tim R"]
[Black "Lopez Valcarcel, Juan"]
[Result "1-0"]
[WhiteElo "1888"]
[BlackElo "1780"]
[PlyCount "58"]
[EventDate "2018.01.27"]
[EventType "swiss"]
[EventRounds "5"]
[EventCountry "GGB"]

1. c4 e5 2. Nc3 Nc6 3. Nf3 Nf6 4. e3 d5 5. cxd5 Nxd5 6. Bb5 Nxc3 7. bxc3 e4 8.
Nd4 Bd7 9. Nxc6 bxc6 10. Bc4 Bd6 11. d3 Qg5 12. Kf1 exd3 13. Bxd3 Qf6 14. Qc2
g6 15. Bb2 O-O 16. Rb1 Rab8 17. c4 Qe7 18. Bd4 c5 19. Bc3 Bc6 20. h4 Qe6 21. h5
Bb7 22. Qe2 Be4 23. hxg6 fxg6 24. Rd1 Qf5 25. Bxe4 Qxe4 26. f3 Rb1 27. Re1 Bg3
28. Rd1 Rxd1+ 29. Qxd1 Qxc4+ 1-0

[Event "Tradewise Gibraltar AmatWk2"]
[Site "Gibraltar"]
[Date "2018.01.31"]
[Round "5.14"]
[White "Lochte, Szilvia"]
[Black "Lohia, Sohum"]
[Result "1-0"]
[WhiteElo "1862"]
[BlackElo "1460"]
[PlyCount "37"]
[EventDate "2018.01.27"]
[EventType "swiss"]
[EventRounds "5"]
[EventCountry "GGB"]

1. d4 d5 2. Bf4 Nf6 3. e3 c5 4. c3 Nc6 5. Nd2 e6 6. Ngf3 cxd4 7. exd4 Nh5 8.
Be3 Bd6 9. Ne5 Bxe5 10. dxe5 g6 11. Nf3 O-O 12. g4 Ng7 13. Bg5 Qc7 14. Bf6 Ne8
15. Qd2 Nxf6 16. exf6 Ne5 17. Qh6 Nxf3+ 18. Kd1 Qe5 19. Qg7# 1-0

[Event "Tradewise Gibraltar AmatWk2"]
[Site "Gibraltar"]
[Date "2018.01.31"]
[Round "5.15"]
[White "Parker, Keith"]
[Black "Haddock, Paul"]
[Result "1/2-1/2"]
[WhiteElo "1849"]
[BlackElo "1580"]
[PlyCount "38"]
[EventDate "2018.01.27"]
[EventType "swiss"]
[EventRounds "5"]
[EventCountry "GGB"]

1. d4 Nf6 2. Bf4 d5 3. e3 e6 4. Nf3 c5 5. c3 Nc6 6. Nbd2 Qb6 7. Rb1 cxd4 8.
exd4 Be7 9. Bd3 Bd7 10. h3 h6 11. Qe2 O-O 12. Ne5 Qd8 13. Ndf3 a5 14. Bc2 b5
15. Qd3 Ne4 16. O-O f5 17. Ng6 Rf6 18. Nxe7+ Qxe7 19. Qe2 g5 1/2-1/2

[Event "Tradewise Gibraltar AmatWk2"]
[Site "Gibraltar"]
[Date "2018.01.31"]
[Round "5.16"]
[White "Odiase, Oluwaseun"]
[Black "Laws, Darren C"]
[Result "1-0"]
[WhiteElo "1768"]
[BlackElo "1895"]
[PlyCount "59"]
[EventDate "2018.01.27"]
[EventType "swiss"]
[EventRounds "5"]
[EventCountry "GGB"]

1. c4 Nc6 2. g3 e5 3. Bg2 d6 4. Nc3 f5 5. a3 Nf6 6. e3 Be7 7. Nge2 Be6 8. Nd5
Qd7 9. Nec3 O-O 10. O-O Nd8 11. b4 c6 12. Nxe7+ Qxe7 13. Rb1 d5 14. cxd5 Nxd5
15. Nxd5 Bxd5 16. Bxd5+ cxd5 17. Qb3 Qe6 18. Bb2 f4 19. exf4 exf4 20. Rfe1 Qg6
21. Re7 Nf7 22. Rbe1 Qh5 23. Qc3 Qg6 24. Qd4 Qg5 25. Rxb7 f3 26. h4 Qh6 27. Re6
g6 28. Ree7 Rac8 29. Rxf7 Rc1+ 30. Kh2 1-0

[Event "Tradewise Gibraltar AmatWk2"]
[Site "Gibraltar"]
[Date "2018.01.31"]
[Round "5.17"]
[White "Garcia-Blazquez Perez, Manuel"]
[Black "Kearsley, Raymond J"]
[Result "1-0"]
[WhiteElo "1877"]
[BlackElo "1655"]
[PlyCount "79"]
[EventDate "2018.01.27"]
[EventType "swiss"]
[EventRounds "5"]
[EventCountry "GGB"]

1. d4 d5 2. Nf3 Bf5 3. Bf4 e6 4. e3 Nf6 5. Bd3 Ne4 6. Nbd2 Nc6 7. a3 f6 8. Nh4
Qd7 9. Nxf5 exf5 10. Nb3 Bd6 11. f3 Bxf4 12. exf4 Nd6 13. Nc5 Qe7+ 14. Kf2 O-O
15. Re1 Qf7 16. c3 Rfe8 17. Qc2 g6 18. b4 a6 19. a4 Rxe1 20. Rxe1 b6 21. Nxa6
Nc4 22. Bxc4 dxc4 23. b5 Na5 24. Qe2 Rf8 25. Qe6 Qxe6 26. Rxe6 Kf7 27. Re2 c6
28. Nb4 cxb5 29. axb5 Rd8 30. Ke1 Nb3 31. Kd1 Ra8 32. Ra2 Na5 33. Nc6 Ke6 34.
Rxa5 Rxa5 35. Nxa5 bxa5 36. Kc2 Kd6 37. Kb2 Kc7 38. Ka3 Kb6 39. Ka4 h5 40. h4
1-0

[Event "Tradewise Gibraltar AmatWk2"]
[Site "Gibraltar"]
[Date "2018.01.31"]
[Round "5.18"]
[White "Bizcocho Mellado, Gregorio"]
[Black "Shaw, John S"]
[Result "1/2-1/2"]
[WhiteElo "1788"]
[BlackElo "1680"]
[PlyCount "40"]
[EventDate "2018.01.27"]
[EventType "swiss"]
[EventRounds "5"]
[EventCountry "GGB"]

1. e4 c5 2. c3 Nf6 3. d3 Nc6 4. g3 d5 5. f3 dxe4 6. dxe4 Qxd1+ 7. Kxd1 e5 8.
Bb5 Bd7 9. Be3 a6 10. Bf1 Be7 11. Bh3 O-O-O 12. Kc2 h6 13. Na3 b5 14. Rd1 g5
15. Bxd7+ Rxd7 16. Rxd7 Kxd7 17. h3 Nd8 18. Ne2 Ne6 19. Nb1 Kc6 20. Nd2 c4
1/2-1/2

[Event "Tradewise Gibraltar AmatWk2"]
[Site "Gibraltar"]
[Date "2018.01.31"]
[Round "5.20"]
[White "Savage, Neil"]
[Black "Klementys, Jerzy"]
[Result "1/2-1/2"]
[WhiteElo "1630"]
[BlackElo "1739"]
[PlyCount "94"]
[EventDate "2018.01.27"]
[EventType "swiss"]
[EventRounds "5"]
[EventCountry "GGB"]

1. e4 c5 2. Nc3 Nc6 3. f4 g6 4. Bb5 Bg7 5. Nf3 e6 6. e5 Nge7 7. O-O O-O 8. Bxc6
Nxc6 9. Kh1 d5 10. d4 cxd4 11. Nb5 a6 12. Nbxd4 Bd7 13. c3 b5 14. Nxc6 Bxc6 15.
Qd4 Qe7 16. Be3 Rfc8 17. Qc5 Qc7 18. Qd4 Rab8 19. Qd2 Qe7 20. Nd4 Bd7 21. a3 a5
22. Rfc1 f5 23. Qf2 Rb7 24. Nb3 Ra8 25. Bb6 a4 26. Bc5 Qd8 27. Nd4 Kf7 28. Nf3
h6 29. Rg1 g5 30. Be3 g4 31. Nd4 h5 32. Rad1 h4 33. g3 hxg3 34. hxg3 Qc7 35.
Kg2 Rh8 36. Rh1 Rbb8 37. Rxh8 Rxh8 38. Rh1 Qc8 39. Qf1 Rxh1 40. Qxh1 Qh8 41.
Qf1 Bf8 42. Qh1 Qxh1+ 43. Kxh1 Ke8 44. Kg2 Kd8 45. Kf2 Kc7 46. Ke2 Kb7 47. Nc2
Kc6 1/2-1/2

[Event "Tradewise Gibraltar AmatWk2"]
[Site "Gibraltar"]
[Date "2018.01.31"]
[Round "5.21"]
[White "Bussmann, John"]
[Black "Greco, Joseph"]
[Result "1-0"]
[WhiteElo "1713"]
[BlackElo "1650"]
[PlyCount "65"]
[EventDate "2018.01.27"]
[EventType "swiss"]
[EventRounds "5"]
[EventCountry "GGB"]

1. e4 d6 2. d4 Nf6 3. Nc3 g6 4. f3 Bg7 5. Be3 O-O 6. Qd2 Nbd7 7. Bh6 c5 8. Bxg7
Kxg7 9. d5 h5 10. h4 Ne5 11. Nh3 Nh7 12. O-O-O a6 13. Be2 b5 14. f4 Ng4 15.
Bxg4 Bxg4 16. Rde1 b4 17. Nd1 a5 18. Ne3 Qc8 19. Nf2 Bd7 20. e5 Bf5 21. Reg1
Rh8 22. g4 Bxg4 23. Nfxg4 hxg4 24. Rxg4 dxe5 25. fxe5 e6 26. h5 Nf8 27. h6+ Kg8
28. Qf2 Rh7 29. d6 Nd7 30. Qf4 Qc6 31. Rhg1 Nf8 32. R4g2 Qd7 33. Ng4 1-0

[Event "Tradewise Gibraltar AmatWk2"]
[Site "Gibraltar"]
[Date "2018.01.31"]
[Round "5.22"]
[White "Melgar Guerrero, Salvador"]
[Black "Jackson, Paul R"]
[Result "0-1"]
[WhiteElo "1713"]
[BlackElo "1503"]
[PlyCount "94"]
[EventDate "2018.01.27"]
[EventType "swiss"]
[EventRounds "5"]
[EventCountry "GGB"]

1. e4 e6 2. d4 d5 3. Nc3 dxe4 4. Nxe4 Bd7 5. Nf3 Bc6 6. Bd3 Nd7 7. O-O Ngf6 8.
Bg5 Be7 9. Nxf6+ Bxf6 10. Bxf6 Qxf6 11. c3 Bxf3 12. gxf3 c6 13. Kh1 O-O 14. Rg1
Kh8 15. Rg3 Rg8 16. Bc2 g6 17. Qd3 Rad8 18. Qe3 Nb6 19. Re1 Nd5 20. Qe5 Qxe5
21. Rxe5 Ne7 22. Kg2 Rd5 23. f4 Rxe5 24. fxe5 Nf5 25. Bxf5 gxf5 26. Kf3 Rg6 27.
Kf4 Kg7 28. c4 f6 29. exf6+ Kxf6 30. h3 b6 31. a4 Rh6 32. b4 Rh4+ 33. Kf3 Rxd4
34. Rg8 Rxc4 35. Ra8 Rxb4 36. Rxa7 c5 37. a5 bxa5 38. Rxa5 c4 39. Rc5 Rb3+ 40.
Ke2 Rxh3 41. Rxc4 h5 42. Kf1 Kg5 43. Kg2 Rh4 44. Rc3 Rg4+ 45. Kf3 h4 46. Re3 h3
47. Rxe6 h2 0-1

[Event "Tradewise Gibraltar AmatWk2"]
[Site "Gibraltar"]
[Date "2018.01.31"]
[Round "5.23"]
[White "Ajayi, Ayokanmi"]
[Black "Maldonado Mena, German"]
[Result "0-1"]
[WhiteElo "1537"]
[BlackElo "1701"]
[PlyCount "44"]
[EventDate "2018.01.27"]
[EventType "swiss"]
[EventRounds "5"]
[EventCountry "GGB"]

1. Nf3 Nf6 2. g3 g6 3. Bg2 Bg7 4. d3 d6 5. e4 c5 6. Nbd2 Nc6 7. c3 O-O 8. O-O
Bg4 9. h3 Bxf3 10. Nxf3 Nd7 11. Nh4 Rb8 12. f4 Qc7 13. Qe2 b5 14. g4 b4 15. Bd2
a5 16. Rab1 a4 17. c4 Nd4 18. Qd1 a3 19. bxa3 bxa3 20. Bc3 Rxb1 21. Qxb1 Ne2+
22. Kh2 Nxc3 0-1

[Event "Tradewise Gibraltar AmatWk2"]
[Site "Gibraltar"]
[Date "2018.01.31"]
[Round "5.25"]
[White "Stai, Sondre"]
[Black "Dias, Marcos Afonso"]
[Result "0-1"]
[WhiteElo "1668"]
[BlackElo "1494"]
[PlyCount "104"]
[EventDate "2018.01.27"]
[EventType "swiss"]
[EventRounds "5"]
[EventCountry "GGB"]

1. d4 Nf6 2. c4 g6 3. Nc3 Bg7 4. e4 d6 5. h3 Nc6 6. Nf3 O-O 7. Be2 e5 8. d5 Ne7
9. Bg5 h6 10. Be3 Ne8 11. g4 f5 12. gxf5 gxf5 13. exf5 Bxf5 14. Qd2 Kh7 15. h4
Nf6 16. O-O-O Ng4 17. Rdg1 Nxe3 18. Qxe3 Ng6 19. Bd3 Nf4 20. Bxf5+ Rxf5 21. Qe4
Qf6 22. Rg3 Kh8 23. Ng5 Rf8 24. Nd1 Kg8 25. Ne6 Nxe6 26. dxe6 Qxe6 27. Rhg1
R8f7 28. Rg6 R5f6 29. b3 c6 30. Qg2 Rxg6 31. Qxg6 Qxg6 32. Rxg6 d5 33. cxd5
cxd5 34. Kd2 Rf4 35. Ke2 d4 36. f3 Rxh4 37. Rd6 Rf4 38. Nf2 h5 39. a4 h4 40.
Rg6 Kf7 41. Rg2 Rf5 42. Rg4 Rh5 43. Nh3 Bh6 44. Kd3 Be3 45. Ke4 Ke6 46. Rg6+
Kd7 47. Kd3 Rf5 48. Ke4 Rh5 49. Rf6 Rh7 50. Kxe5 Re7+ 51. Kd5 d3 52. Rd6+ Kc7
0-1

[Event "Tradewise Gibraltar AmatWk2"]
[Site "Gibraltar"]
[Date "2018.01.31"]
[Round "5.26"]
[White "Yilmaz, Kazim"]
[Black "Izzard, Brian J"]
[Result "0-1"]
[WhiteElo "1656"]
[BlackElo "1657"]
[PlyCount "108"]
[EventDate "2018.01.27"]
[EventType "swiss"]
[EventRounds "5"]
[EventCountry "GGB"]

1. e4 c6 2. Nf3 d5 3. exd5 cxd5 4. d4 Nc6 5. Bb5 Nf6 6. O-O a6 7. Bxc6+ bxc6 8.
c3 Qc7 9. Ne5 e6 10. Qa4 Bb7 11. Bf4 Bd6 12. Bg3 O-O 13. Nd2 Rac8 14. b4 Ra8
15. Qc2 a5 16. Nb3 axb4 17. cxb4 Ne4 18. Nc5 Nxg3 19. hxg3 Rfe8 20. Rfe1 Bxe5
21. dxe5 Ba6 22. Qc3 Bc4 23. a4 Ra7 24. a5 Bb5 25. f4 Rd8 26. Qd4 Qe7 27. Na4
Rf8 28. Qc5 Qc7 29. Nc3 Bc4 30. Ra3 f6 31. exf6 Rxf6 32. Rea1 g5 33. fxg5 Rf5
34. Qe3 Qf7 35. Ne2 e5 36. g4 d4 37. Qg3 Rxg5 38. Rf3 Qg7 39. Raf1 Ra8 40. R1f2
Rxg4 41. Qh2 e4 42. Rf6 e3 43. R2f4 Bxe2 44. Rxg4 Qxg4 45. Rxc6 Rf8 46. Qh3
Qxh3 47. gxh3 d3 48. Rd6 d2 49. Kg2 d1=Q 50. Rxd1 Bxd1 51. a6 e2 52. a7 e1=Q
53. a8=Q Rxa8 54. b5 Ra2# 0-1

[Event "Tradewise Gibraltar AmatWk2"]
[Site "Gibraltar"]
[Date "2018.01.31"]
[Round "5.27"]
[White "Sagar, Siya"]
[Black "Olde, Karl Erik"]
[Result "1-0"]
[WhiteElo "1199"]
[BlackElo "1402"]
[PlyCount "69"]
[EventDate "2018.01.27"]
[EventType "swiss"]
[EventRounds "5"]
[EventCountry "GGB"]

1. e4 c5 2. Nf3 Nc6 3. d4 cxd4 4. Nxd4 Nf6 5. Nc3 d6 6. f3 e5 7. Nb3 Be6 8. Be3
d5 9. exd5 Nxd5 10. Nxd5 Bxd5 11. Qd2 Bxb3 12. Qxd8+ Rxd8 13. axb3 a6 14. Be2
Rc8 15. c3 Be7 16. O-O O-O 17. Rfd1 Rfd8 18. Bb6 Rxd1+ 19. Rxd1 Nb8 20. Bc4 g6
21. Bd5 Nc6 22. Be4 f5 23. Bd5+ Kg7 24. Be6 Rf8 25. Rd7 Kf6 26. Bd5 Rb8 27. Kf1
h5 28. h4 g5 29. hxg5+ Kxg5 30. Bc7 Re8 31. Bxc6 bxc6 32. Bxe5 Bc5 33. f4+ Kg4
34. Rg7+ Kh4 35. Bf6# 1-0

[Event "Tradewise Gibraltar AmatWk2"]
[Site "Gibraltar"]
[Date "2018.01.31"]
[Round "5.28"]
[White "D'Haluin, Wim"]
[Black "Smedsrud, Morten S"]
[Result "1-0"]
[WhiteElo "1764"]
[BlackElo "1349"]
[PlyCount "65"]
[EventDate "2018.01.27"]
[EventType "swiss"]
[EventRounds "5"]
[EventCountry "GGB"]

1. d4 Nf6 2. Nf3 e6 3. Bf4 c5 4. c3 b5 5. e3 Qb6 6. Be2 Be7 7. O-O Bb7 8. Nbd2
d5 9. Ne5 O-O 10. h4 Rd8 11. h5 Bf8 12. g4 Nc6 13. g5 Nd7 14. g6 Ndxe5 15.
gxh7+ Kh8 16. dxe5 d4 17. Qc2 dxc3 18. bxc3 Rd7 19. Kh2 Rad8 20. Nf3 Ne7 21.
Bg5 Qc6 22. Rg1 Qe4 23. Qxe4 Bxe4 24. Rg4 Bxh7 25. Bxb5 Rb7 26. h6 Rxb5 27.
hxg7+ Bxg7 28. Bxe7 Rg8 29. Ng5 Bxe5+ 30. f4 Rb2+ 31. Kg3 Bf5 32. Rh1+ Kg7 33.
Nxe6# 1-0

[Event "Tradewise Gibraltar AmatWk2"]
[Site "Gibraltar"]
[Date "2018.01.31"]
[Round "5.29"]
[White "Volovik, Konstantin"]
[Black "Lassan, Szabolcs"]
[Result "1-0"]
[WhiteElo "1701"]
[BlackElo "1346"]
[PlyCount "71"]
[EventDate "2018.01.27"]
[EventType "swiss"]
[EventRounds "5"]
[EventCountry "GGB"]

1. b4 d5 2. Bb2 Nf6 3. e3 e6 4. b5 c5 5. Be2 Be7 6. Nf3 O-O 7. d3 a6 8. bxa6
Nxa6 9. O-O b6 10. Nbd2 Bb7 11. Rb1 Re8 12. Qc1 Nd7 13. Ne5 Nxe5 14. Bxe5 f6
15. Bg3 Bd6 16. Qb2 Bxg3 17. hxg3 Re7 18. c3 e5 19. Qxb6 Qe8 20. Nb3 Kf7 21.
Nxc5 Nxc5 22. Qxc5 Rc8 23. Qb4 Qd8 24. a4 Qc7 25. Rfc1 Ra8 26. c4 dxc4 27. Rxc4
Qa5 28. Qxa5 Rxa5 29. e4 Ba6 30. Rcb4 Kg6 31. Rc1 Rb7 32. Rxb7 Bxb7 33. Ra1 Bc6
34. Bd1 f5 35. Kf1 h5 36. Rc1 1-0

[Event "Tradewise Gibraltar AmatWk2"]
[Site "Gibraltar"]
[Date "2018.01.31"]
[Round "5.30"]
[White "Oliva Parra, Ernesto"]
[Black "Popham, Sarah"]
[Result "1/2-1/2"]
[WhiteElo "1560"]
[BlackElo "1238"]
[PlyCount "55"]
[EventDate "2018.01.27"]
[EventType "swiss"]
[EventRounds "5"]
[EventCountry "GGB"]

1. e4 e5 2. Nf3 Nc6 3. Bc4 Bc5 4. Nc3 Nf6 5. d3 h6 6. h3 O-O 7. a3 Re8 8. O-O
d6 9. Bd2 Qe7 10. a4 a5 11. Nh2 Be6 12. Nd5 Bxd5 13. exd5 Nb4 14. c3 Nbxd5 15.
Qf3 e4 16. dxe4 Qxe4 17. Qxe4 Rxe4 18. Bd3 Ree8 19. Nf3 Ne4 20. Rad1 Nxd2 21.
Rxd2 Nf4 22. Bc4 Rab8 23. Kh2 Re4 24. Bb3 b5 25. Bc2 Ree8 26. axb5 Re7 27. g3
Ng6 28. c4 1/2-1/2

[Event "Tradewise Gibraltar AmatWk2"]
[Site "Gibraltar"]
[Date "2018.01.31"]
[Round "5.31"]
[White "Nutu, Mihail Puiu"]
[Black "Jain, Anushree"]
[Result "1-0"]
[WhiteElo "1558"]
[BlackElo "1019"]
[PlyCount "33"]
[EventDate "2018.01.27"]
[EventType "swiss"]
[EventRounds "5"]
[EventCountry "GGB"]

1. e4 e5 2. Nf3 Nc6 3. Bb5 d6 4. d4 Bd7 5. d5 Nce7 6. Nc3 Bxb5 7. Nxb5 c6 8.
dxc6 bxc6 9. Nxd6+ Qxd6 10. Qxd6 Nf6 11. Qxe5 Nd7 12. Qc3 Rc8 13. Bg5 Ng6 14.
O-O-O f6 15. Qc4 fxg5 16. Qe6+ Kd8 17. Qxd7# 1-0

[Event "Tradewise Gibraltar AmatWk2"]
[Site "Gibraltar"]
[Date "2018.01.31"]
[Round "5.32"]
[White "Mahbubani, Arun"]
[Black "Matto, Manuel"]
[Result "0-1"]
[WhiteElo "1288"]
[BlackElo "1814"]
[PlyCount "94"]
[EventDate "2018.01.27"]
[EventType "swiss"]
[EventRounds "5"]
[EventCountry "GGB"]

1. e4 e5 2. Nf3 Nc6 3. d4 exd4 4. Nxd4 Bc5 5. Be3 Bb6 6. Nxc6 bxc6 7. Bxb6 axb6
8. Bc4 Qf6 9. Nc3 Ne7 10. O-O O-O 11. Re1 Ng6 12. e5 Nxe5 13. Ne4 Qf4 14. Qe2
d5 15. Nd2 Nxc4 16. Nxc4 dxc4 17. Qe4 Qxe4 18. Rxe4 Be6 19. a3 Bd5 20. Re7 Rac8
21. Rae1 Be6 22. f4 Rfe8 23. Rxe8+ Rxe8 24. f5 Bd7 25. Rd1 Bxf5 26. c3 Bd3 27.
b3 b5 28. b4 g5 29. g3 Re2 30. Rc1 Ra2 31. h4 Rxa3 32. Kf2 Ra2+ 33. Kf3 Rb2 34.
Ke3 f6 35. Kd4 Re2 36. Kc5 Be4 37. Rd1 Bd5 38. g4 Re5 39. Rd4 Bf3+ 40. Rd5
Rxd5+ 41. Kxc6 Rd3+ 42. Kxc7 Rxc3 43. Kb6 Rb3 44. Kxb5 Be2 45. Ka4 Bxg4 46. b5
Bd7 47. Ka5 Rxb5+ 0-1

[Event "Tradewise Gibraltar AmatWk2"]
[Site "Gibraltar"]
[Date "2018.01.31"]
[Round "5.38"]
[White "Glacner, Karel"]
[Black "Kympergr, Vojtech"]
[Result "1-0"]
[WhiteElo "1560"]
[BlackElo "1468"]
[PlyCount "125"]
[EventDate "2018.01.27"]
[EventType "swiss"]
[EventRounds "5"]
[EventCountry "GGB"]

1. Nf3 f5 2. g3 e6 3. Bg2 Nf6 4. O-O Nc6 5. d3 d5 6. Bf4 Nh5 7. Bg5 Qd6 8. Re1
h6 9. Bc1 Bd7 10. Nh4 Nf6 11. Ng6 Rg8 12. b3 O-O-O 13. Nxf8 Rdxf8 14. Ba3 Qe5
15. c3 Ng4 16. Bxf8 Rxf8 17. d4 Qd6 18. f3 Ne3 19. Qd2 f4 20. gxf4 Qxf4 21. Kh1
Ne7 22. Rg1 Rf5 23. Bh3 Rh5 24. Rg4 Qd6 25. Qxe3 Rxh3 26. Rg2 Nf5 27. Qe5 Qe7
28. Nd2 b6 29. a4 Qh4 30. Rg4 Qe7 31. Re1 h5 32. Rg2 Qd6 33. Qxd6 cxd6 34. e4
dxe4 35. fxe4 Ne3 36. Rg3 Rxg3 37. hxg3 Ng4 38. Kg1 Kd8 39. Rf1 Ke7 40. Rf3 Bc6
41. c4 d5 42. exd5 exd5 43. cxd5 Bxd5 44. Rf5 Bf7 45. Nc4 g6 46. Rf4 Bd5 47.
Ne5 g5 48. Rf5 Nf6 49. Rxg5 Bxb3 50. a5 Be6 51. Nc6+ Kf7 52. axb6 axb6 53. Nd8+
Ke7 54. Nxe6 Kxe6 55. Rb5 Nd5 56. Kf2 Kd6 57. Kf3 Kc6 58. Rb2 b5 59. Ke4 Nc7
60. Rh2 Ne8 61. Ke5 b4 62. Rxh5 b3 63. Rh1 1-0